Sedia elettrica (Record no. 101281)

MARC details
000 -LEADER
fixed length control field 01932njm a2200397Ia 4500
001 - CONTROL NUMBER
control field 78463
003 - CONTROL NUMBER IDENTIFIER
control field IT-RoPAU
005 - DATE AND TIME OF LATEST TRANSACTION
control field 20220918181141.0
008 - FIXED-LENGTH DATA ELEMENTS--GENERAL INFORMATION
fixed length control field 131025s9999 xx 000 0 und d
040 ## - CATALOGING SOURCE
Original cataloging agency IT-RoPAU
040 ## - CATALOGING SOURCE
Transcribing agency IT-RoPAU
041 ## - LANGUAGE CODE
Language code of text/sound track or separate title ITALIANO
999 ## - SYSTEM CONTROL NUMBERS (KOHA)
Koha Dewey Subclass [OBSOLETE] n.d.
100 ## - MAIN ENTRY--PERSONAL NAME
Personal name Bertoli Pierangelo
9 (RLIN) 25747
100 ## - MAIN ENTRY--PERSONAL NAME
Relator term Autore musica
9 (RLIN) 25748
100 ## - MAIN ENTRY--PERSONAL NAME
Miscellaneous information Codice autore musica SPICS: 10760
9 (RLIN) 25749
245 ## - TITLE STATEMENT
Title Sedia elettrica
250 ## - EDITION STATEMENT
Edition statement 1a ed.
260 ## - PUBLICATION, DISTRIBUTION, ETC. (IMPRINT)
Place of publication, distribution, etc. MILANO
260 ## - PUBLICATION, DISTRIBUTION, ETC. (IMPRINT)
Name of publisher, distributor, etc. CGD - MESSAGGERIE MUSICALI
Date of publication, distribution, etc. 1989 [1a Ed.:1989 - Ed. Lingua Orig.: 1989]
300 ## - PHYSICAL DESCRIPTION
Extent DISCO
300 ## - PHYSICAL DESCRIPTION
Dimensions 51 minuti (Testo: 0 pag.)
500 ## - GENERAL NOTE
General note Musica leggera. Canzone italiana
505 ## - FORMATTED CONTENTS NOTE
Formatted contents note La verità - Chissà perché - Figlio di un cane (5:00) - Mio figlio (5:00) - Suonando la chitarra (6:00) - Una strada (6:00) - Improvvisamente (6:00) - Voglio vivere (4:00) - Nuvole (6:00)
650 ## - SUBJECT ADDED ENTRY--TOPICAL TERM
Topical term or geographic name as entry element CANTAUTORI [DISCHI]
Relator term Codice MATERIA SPICS: 9950
9 (RLIN) 25750
700 ## - ADDED ENTRY--PERSONAL NAME
Personal name Bertoli Pierangelo
Relator term Autore testo e musica
Miscellaneous information Codice autore testo/musica SPICS: 10760
9 (RLIN) 25751
700 ## - ADDED ENTRY--PERSONAL NAME
Personal name Ligabue Luciano
Relator term Autore testo/musica
Miscellaneous information Codice autore testo/musica SPICS: 23941
Name of part/section of a work Figlio di un cane
9 (RLIN) 25752
700 ## - ADDED ENTRY--PERSONAL NAME
Personal name Brandolini G.
Relator term Autore musica
Miscellaneous information Codice autore musica SPICS: 18891
Name of part/section of a work Mio figlio - Voglio vivere
9 (RLIN) 25753
700 ## - ADDED ENTRY--PERSONAL NAME
Personal name Stasolla G.
Relator term Autore musica
Miscellaneous information Codice autore musica SPICS: 27033
Name of part/section of a work Suonando la chitarra
9 (RLIN) 25754
700 ## - ADDED ENTRY--PERSONAL NAME
Personal name Di Marco Giuseppina
Relator term Autore
Miscellaneous information Codice autore SPICS: 18274
Name of part/section of a work Suonando la chitarra
9 (RLIN) 25755
700 ## - ADDED ENTRY--PERSONAL NAME
Personal name Urzino Fabrizio
Relator term Autore musica
Miscellaneous information Codice autore musica SPICS: 24638
Name of part/section of a work Una strada
9 (RLIN) 25756
700 ## - ADDED ENTRY--PERSONAL NAME
Personal name Bonaffini L.
Relator term Autore testo/musica
Miscellaneous information Codice autore testo/musica SPICS: 18895
Name of part/section of a work Improvvisamente
9 (RLIN) 25757
700 ## - ADDED ENTRY--PERSONAL NAME
Personal name Negri M.
Relator term Autore musica
Miscellaneous information Codice autore musica SPICS: 24501
Name of part/section of a work Nuvole
9 (RLIN) 25758
700 ## - ADDED ENTRY--PERSONAL NAME
Personal name Bertoli Pierangelo
Relator term Interprete
Miscellaneous information Codice interprete SPICS: 10760
9 (RLIN) 25759
942 ## - ADDED ENTRY ELEMENTS (KOHA)
Koha item type DISCHI
Source of classification or shelving scheme Dewey Decimal Classification
Holdings
Withdrawn status Lost status Damaged status Not for loan Home library Current library Date acquired Total Checkouts Full call number Date last seen Price effective from Koha item type Public note
    Buone Condizioni Not For Loan SPICS-MEDIATECA SPICS-MEDIATECA 25/10/2013   78463 25/10/2013 25/10/2013 DISCHI Progr. Ins.: 18725 / N.Vol.: 1 / Copie: 1 - Copia rara: n.d. / date import: 01.01.2014 - By Epidotti, Trombetti, Vaglietti
CREDITS: SOCIETA' SAN PAOLO Via A.Severo, 58 - ROMA (RM) & PERIODICI SAN PAOLO SRL Via Giotto, 36 MILANO & CISF Via Giotto, 36 MILANO & EDIZIONI SAN PAOLO SRL,  Piazza Soncino, 5 CINISELLO BALSAMO (MI) -- ITALY